Least popolous country by number of borders - Statistics

General Stats
  • This quiz has been taken 40 times
  • The average score is 5 of 13
Answer Stats
Hint least popolous country % Correct
no neighbouring countries Nauru
97%
1 neighbouring country Vatican City
97%
2 neighbouring countries Liechtenstein
82%
14 neighbouring countries Russia
68%
11 neighbouring countries France
32%
4 neighbouring countries Kosovo
32%
10 neighbouring countries Brazil
26%
8 neighbouring countries Serbia
21%
3 neighbouring countries Suriname
21%
9 neighbouring countries Democratic Republic of the Congo
18%
7 neighbouring countries Hungary
9%
5 neighbouring countries Montenegro
9%
6 neighbouring countries Central African Republic
3%
No matching quizzes found
Score Distribution
Percent of People with Each Score
Percentile by Number Answered
Your Score History
You have not taken this quiz